000 00691nam a2200229Ii 4500
003 JO-AjNU
008 230605s9999||||xx |||||||||||||| ||und||
017 _a7276
020 _a977-245-790-3
040 _aJO-AjNU
_bara
_erda
_cJO-AjNU
041 _aara
050 1 4 _aBP77.7.2002
100 3 _aحبشي،حسن,
_eauthor
_916680
245 0 0 _aسرايا الرسول صلى الله عليه وسلم
250 _aط1
264 3 1 _aالقاهرة:دار نهضة الشرق ،2002
300 _a137ص
336 _atext
_btxt
_2rdacontent
337 _aunmediated
_bn
_2rdamedia
338 _avolume
_bnc
_2rdacarrier
650 4 _aسيرة نبوية-غزوات وفتوحات
_916681
999 _aA4997
_c8565
_d8565